000 00473nam a2200169Ia 4500
008 230718s9999 xx 000 0 und d
020 _a9789352137893
041 _aeng
082 _a658.4038
_bHEW
100 _aHewitt E.
_9169684
245 _aTechnology Strategy Patterns
_bArchitecture As Strategy
260 _c2019
_bSPD/O'Reilly
300 _a281
365 _cRs.
_b750.00
700 _aHewitt E.
_9169684
906 _dO:0642601-Mar-2019B:507818-Feb-2019
_cTC
_b165
999 _c349721
_d349721